| 000 | 01082nam0a22002531 4500 | ||
|---|---|---|---|
| 001 | rc\481400 | ||
| 005 | 20030616172954.9 | ||
| 010 |
_a5-211-00511-2 _91000 |
||
| 035 | _a(NLR Aleph) 005724214 | ||
| 090 |
_a7511206 _c7511206 |
||
| 100 | _a20030616d1988 u |0rusy50 ca | ||
| 101 | 0 | _arus | |
| 102 | _aRU | ||
| 105 | _ay ||||||||| | ||
| 200 | 1 |
_aМетодика интенсивного обучения иностранным языкам _eУчеб.-метод. пособие _fМГУ им. М.В. Ломоносова, Межфакультет. лаб. интенсив. методов обучения иностр. яз. _g[Г.А. Китайгородская и др.] _gОтв. ред. Г.А. Китайгородская |
|
| 210 |
_aМ. _cИзд-во МГУ _d1988 |
||
| 215 |
_a168, [1] с. _d22 |
||
| 320 | _aБиблиогр.: с. 165-168 (37 назв.) | ||
| 702 | 1 |
_aКитайгородская _bГ. А. _gГалина Александровна _4220 |
|
| 801 | 0 |
_aRU _bNLR _gpsbo |
|
| 801 | 1 |
_aRU _bELAR _2rusmarc |
|
| 852 |
_aNLR _j89-5/2354 |
||
| 942 | _cBOOK | ||
| 980 | _aNB | ||